000 00412cam a2200169ua 4500
020 _c1.00
041 _amal
_h
082 _a894.8121
_bKRI/CH
100 _aKrishna Warrier, N.V.
245 _aChitrangada /
_cN V Krishna Warrier.
_hTextual Documents
260 _aEranakulam :
_bC I C C Book House ,
_c1962.
300 _a56 ; .
365 _a1.00
504 _a
942 _cBK
999 _c5188
_d5188